Medzivládny panel pre klimatické zmeny dopady, prispôsobenie a zraniteľnosť
Súhrn poskytuje kľúčové, politicky závažné poznatky zo štvrtého hodnotenia II. pracovnej skupiny Medzivládneho panelu pre klimatické zmeny (Brusel, 6. apríl 2007). Je odrazom súčasného vedeckého poznania dopadov klimatických zmien na prirodzené, riadené a humánne systémy, kapacity týchto systémov, i...
Salvato in:
| Autore principale: | |
|---|---|
| Altri autori: | , |
| Natura: | Capitolo di libro |
| Lingua: | slovacco |
| Soggetti: | |
| Tags: |
Nessun Tag, puoi essere il primo ad aggiungerne!!
|
MARC
| LEADER | 00000naa$a2200000$$$4500 | ||
|---|---|---|---|
| 001 | 0057766 | ||
| 005 | 20120904144715.5 | ||
| 041 | 0 | |a slo | |
| 044 | |a SK | ||
| 245 | 1 | 0 | |a Medzivládny panel pre klimatické zmeny |b dopady, prispôsobenie a zraniteľnosť |c Viliam Višacký, Július Hétharši, Tatiana Šimková |
| 520 | |a Súhrn poskytuje kľúčové, politicky závažné poznatky zo štvrtého hodnotenia II. pracovnej skupiny Medzivládneho panelu pre klimatické zmeny (Brusel, 6. apríl 2007). Je odrazom súčasného vedeckého poznania dopadov klimatických zmien na prirodzené, riadené a humánne systémy, kapacity týchto systémov, ich adaptability a zraniteľnosti. Súčasné vedomosti o budúcich dopadoch. | ||
| 610 | 2 | 0 | |a zmeny klimatické |
| 610 | 2 | 0 | |a vedomosti |
| 610 | 2 | 0 | |a prostredie prírodné |
| 610 | 2 | 0 | |a prostredie životné |
| 610 | 2 | 0 | |a svet |
| 610 | 2 | 0 | |a zdroje vodné |
| 610 | 2 | 0 | |a potraviny |
| 610 | 2 | 0 | |a priemysel |
| 610 | 2 | 0 | |a osídľovanie |
| 610 | 2 | 0 | |a spoločnosť |
| 610 | 2 | 0 | |a zdravie |
| 610 | 2 | 0 | |a dokumenty vládne |
| 100 | 1 | |a Višacký, Viliam | |
| 700 | 1 | |a Hétharši, Július | |
| 700 | 1 | |a Šimková, Tatiana | |